Datum a čas kvízu
33
Celkem bodů
Celkový počet nahraných bodů na tomto kvízu bez doplňovacích otázek.
9.
Pořadí na kvízu
Konečné umístění týmu na tomto kvízu.
Zaznamenané odpovědi
| # | Otázka | Odpověď | Body | Výsledky |
|---|---|---|---|---|
| 1. | V sobotu bylo v Tejně velmi ži... | plavání, jízda na kajaku, jízda na kole, běh | 1 | |
| 2. | Minulý týden bylo rozhodnuto o... | Julian Assange | 0 | |
| 3. | Andrej Babiš navštívil festiva... | Mirai | 1 | |
| 4. | Společnost Apple následovala m... | Ulož.to | 0 | |
| 5. | 0:4 – to je nejhorší domácí po... | Maďarsko | 1 | |
| 6. | V následujících pěti otázkách... | Uprchlík; Harrison Ford, Tommy Lee Jones | 0 | |
| 7. | Francouzská komedie Drž hubu!... | Ruby, Quentin | 0 | |
| 8. | V roce 2013 byl natočen životo... | James Hunt, Niki Lauda | 1 | |
| 9. | Herci Zdeněk Svěrák a Daniela... | Na samotě u lesa, Akumulátor I, Vratné lahve, Betlémské světlo | 1 | |
| 10. | Jak se jmenují dva herečtí pře... | Jiří Macháček, Marek Taclík | 0 |